| 000 | 02133nam a2200589 i 4500 | ||
|---|---|---|---|
| 001 | 4274 | ||
| 003 | KOSZ 005 | ||
| 005 | 20200423103950.0 | ||
| 008 | 970903s1990 pl a |000 0 pol | ||
| 015 | _aUWD 1990/2561 | ||
| 035 | _a991002203279705066 | ||
| 035 | _a(PL-WaBN)b10610170-48omnis_nlop | ||
| 035 | _ab10610170 | ||
| 035 | _a(OCoLC)830077606 | ||
| 035 | _a(PL)b0000001061017 | ||
| 035 | _a(EXLNZ-48OMNIS_NETWORK)9910496811105606 | ||
| 040 |
_aWA N _cWA N _dKOSZ 005/AR |
||
| 041 | _apol | ||
| 044 | _apl | ||
| 046 | _k1990 | ||
| 080 | _a621.313 | ||
| 080 | _a621.316 | ||
| 080 | _a(075.8) | ||
| 080 | _a(076) | ||
| 245 | 0 | 0 |
_aBadania aparatów elektrycznych : _blaboratorium / _cpod red. J[erzego] Hibnera, W[ojciecha] Winiarskiego ; [autor] J[ózef] Czucha [i inni] ; Politechnika Gdańska. |
| 260 |
_aGdańsk : _bWydawnictwo Politechniki Gdańskiej, _c1990. |
||
| 300 |
_a164 strony : _bilustracje ; _c24 cm. |
||
| 336 |
_aTekst _btxt _2rdacontent |
||
| 337 |
_aBez urządzenia pośredniczącego _bn _2rdamedia |
||
| 338 |
_aWolumin _bnc _2rdacarrier |
||
| 380 | _aKsiążki | ||
| 380 | _aPublikacje naukowe | ||
| 380 | _aPublikacje dydaktyczne | ||
| 388 | _a1901-2000 | ||
| 388 | _a1989-2000 | ||
| 490 |
_aSkrypty / Politechnika Gdańska ; _vnr 587 |
||
| 504 | _aBibliografia przy rozdziałach. | ||
| 521 | _aSkrypt dla studentów IV roku Wydziału Elektrycznego. | ||
| 650 | 7 |
_aUrządzenia elektryczne _2DBN |
|
| 655 | 7 |
_aPodręczniki akademickie _2DBN |
|
| 655 | 7 | _aĆwiczenia i zadania dla szkół wyższych | |
| 658 | _aInżynieria i technika | ||
| 700 | 1 |
_aCzucha, Józef _eAutor |
|
| 700 | 1 |
_aHibner, Jerzy _eRedakcja |
|
| 700 | 1 |
_aWiniarski, Wojciech _d(1921-2007) _eRedakcja |
|
| 710 | 2 | _aPolitechnika Gdańska | |
| 710 | 2 |
_aWydawnictwo Politechniki Gdańskiej _4pbl |
|
| 830 |
_aSkrypty - Politechnika Gdańska ; _vnr 587 |
||
| 856 |
_uhttp://koha.tu.koszalin.pl/cgi-bin/koha/opac-detail.pl?biblionumber=4274 _yKatalog online BPK |
||
| 942 |
_2UKD _cKS |
||
| 999 |
_c4274 _d4274 |
||